Statistiche per Comuni della Provincia di Asti

Clicka qui per fare il quiz!

Statistiche generali

  • Questo quiz è stato fatto 8 volte
  • Il punteggio medio è 34 su 117

Statistiche sulle risposte

Comune% Corretto
Asti
71%
Canelli
71%
San Damiano d'Asti
71%
Agliano Terme
57%
Antignano
57%
Belveglio
57%
Montechiaro d'Asti
57%
Nizza Monferrato
57%
Vigliano d'Asti
57%
Villanova d'Asti
57%
Vinchio
57%
Albugnano
43%
Aramengo
43%
Azzano d'Asti
43%
Baldichieri d'Asti
43%
Bruno
43%
Bubbio
43%
Calliano Monferrato
43%
Castagnole delle Lanze
43%
Castel Boglione
43%
Castello di Annone
43%
Cessole
43%
Cinaglio
43%
Cisterna d'Asti
43%
Cocconato
43%
Costigliole d'Asti
43%
Incisa Scapaccino
43%
Isola d'Asti
43%
Monale
43%
Montiglio Monferrato
43%
Roccaverano
43%
Rocchetta Palafea
43%
Rocchetta Tanaro
43%
San Martino Alfieri
43%
Serole
43%
Sessame
43%
Viarigi
43%
Villafranca d'Asti
43%
Berzano di San Pietro
29%
Buttigliera d'Asti
29%
Calamandrana
29%
Calosso
29%
Camerano Casasco
29%
Cantarana
29%
Capriglio
29%
Casorzo Monferrato
29%
Cassinasco
29%
Castagnole Monferrato
29%
Castell'Alfero
29%
Castelnuovo Belbo
29%
Castelnuovo Calcea
29%
Castelnuovo Don Bosco
29%
Cerro Tanaro
29%
Chiusano d'Asti
29%
Coazzolo
29%
Cortiglione
29%
Ferrere
29%
Grana Monferrato
29%
Grazzano Badoglio
29%
Mombaldone
29%
Mombaruzzo
29%
Monastero Bormida
29%
Moncalvo
29%
Montegrosso d'Asti
29%
Montemagno
29%
Moransengo-Tonengo
29%
Olmo Gentile
29%
Piea
29%
Quaranti
29%
Refrancore
29%
San Giorgio Scarampi
29%
Vesime
29%
Viale
29%
Castel Rocchero
14%
Cerreto d'Asti
14%
Corsione
14%
Cortandone
14%
Cortanze
14%
Cortazzone
14%
Cossombrato
14%
Cunico
14%
Dusino San Michele
14%
Fontanile
14%
Frinco
14%
Loazzolo
14%
Maranzana
14%
Maretto
14%
Moasca
14%
Mombercelli
14%
Moncucco Torinese
14%
Montabone
14%
Montafia
14%
Montaldo Scarampi
14%
Passerano Marmorito
14%
Penango
14%
Pino d'Asti
14%
Piovà Massaia
14%
Revigliasco d'Asti
14%
Roatto
14%
Robella
14%
Rocca d'Arazzo
14%
San Marzano Oliveto
14%
San Paolo Solbrito
14%
Scurzolengo
14%
Settime
14%
Soglio
14%
Tigliole
14%
Tonco
14%
Vaglio Serra
14%
Valfenera
14%
Villa San Secondo
14%
Callarengo
0%
Castellaro
0%
Castelletto Molino
0%
Celle Enomodno
0%
Mongiardino
0%
Portocomaro
0%

Distribuzione punteggi

Percentile per numero di risposta

Percentuale di utenti per punteggio

I tuoi punteggi nel tempo

Non hai fatto questo quiz